000 00482nam a2200193Ia 4500
005 20250326145443.0
008 250326s9999 xx 000 0 und d
037 _aTextbook
040 _aFMSL
_beng
_cFMSL
041 _aeng
_2eng
084 _qFMSL
100 _aLucas K
_9741534
245 0 _aAuto Motives
_cLucas K
260 _aUnited Kingdom
_bUnited Kingdom, Emerald
_c2011
365 _b3595.73
650 _aManagement
942 _cTB
999 _c1307627
_d1307627